000 00517nam a2200217Ia 4500
003 OSt
005 20220928141648.0
006 a|||||r|||| 00| 0
007 ta
008 220927b |||||||| |||| 00| 0 eng d
024 _a16540
037 _cTextual
040 _aSDCL
_cSDCL
_beng
041 _2eng
_aeng
082 _aWxI69, M1
100 _aQuentin Skinner
_9501350
245 0 _aMachiavelli
260 _c1981
942 _hWxI69, M1
_cTEXL
_2CC
999 _c818890
_d818890